| 000 | 00439nam a2200157Ia 4500 | ||
|---|---|---|---|
| 005 | 20250402111059.0 | ||
| 008 | 231217s9999 xx 000 0 und d | ||
| 020 | _a9788131418222 | ||
| 082 | _a347.012 PAD;1 R | ||
| 100 | _aPadmaja, K ed. | ||
| 245 | 0 | _aJudicial interprentation : contemporary issues | |
| 260 |
_c2008 _bICFAI Press _aHyderabad |
||
| 300 | _avi, 236 | ||
| 650 | _aJudicial,interprentation,contemporary | ||
| 942 | _cAA | ||
| 999 |
_c189909 _d189909 |
||